00996nam a2200253 a 450000100100000000500170001000800410002702000150006804000250008308200210010810000320012924000620016124501190022324600210034225000110036326000630037430000300043749000290046753400720049670000290056804900090059795201190060699900170072500002125620200930011258.0100902s1999 ve r 000 e spa d a9800102381 aDO-SdBNPbspacBNPHU axxxbN677c, 19991 aNietzsche, Friedrich944431 0aDie fröhliche Wissenschaft. La gaya scienza.lespañol13aLa ciencia jovial /cFriedrich Nietzsche; traducción, introducción, notas e índice onomástico José Jara. aLa gaya scienza. a3a ed. aCaracas :bMonte Ávila Editores Latinoamericana ,c1999. axxxviii, 297 p. ;c23 cm. aPensamiento Filosófico aTítulo original :tDie fröhliche Wissenschaft. La gaya scienza.1 aJara, Joséetr.944432 aBNGR 001050718MOaGRbGRcCTd2010-09-02iLF1l0oxxx N677c, 1999p21256-10r2020-06-25w2020-06-25y1ZNo se presta c20756d20756